| 000 | 00808nam a2200253 i 4500 | ||
|---|---|---|---|
| 001 | 76002 | ||
| 003 | ES-MaACL | ||
| 005 | 20250607063020.0 | ||
| 007 | t| | ||
| 008 | 040928s1975 sp ||||1| spa d | ||
| 020 | _a84-7364-037-3 | ||
| 080 | _a351.758.16(460) | ||
| 080 | _a791.43(460) | ||
| 100 | 1 |
_aGubern, Román, _d1934- _960377 |
|
| 245 | 1 | 3 |
_aUn cine para el cadalso : _b40 años de censura cinematográfica en España / _cRomán Gubern, Domènec Font. |
| 260 |
_a[Barcelona] : _bEuros, _c[1975] |
||
| 300 |
_a378 p. : _bil. ; _c20 cm. |
||
| 490 | 1 | _aEspaña. Punto y aparte | |
| 650 | 1 | 4 |
_aCine- _xCensura- _zEspaña. _911016 |
| 700 | 1 |
_aFont, Domènec ( _d1950-2011) _951540 |
|
| 830 | 1 |
_aEspaña. Punto y aparte _9231273 |
|
| 852 | 4 |
_aES-MaACL _jE-9060 |
|
| 999 |
_c76002 _d76002 |
||